000 01022nam2a2200253 4500
001 RU\NLR\BIBL_A\022070880
005 20231215155831.0
010 _a978-5-17-153653-4
_98000
021 _aRU
_bКН-П-23-064261
_9КН-П-23-6523
035 _a(NLR Aleph) 022070880
090 _a12658966
_c12658966
100 _a20231113d2023 u y0rusy50 ca
101 1 _arus
_ckor
102 _aRU
105 _aa z 000ay
200 0 _aКн. 1
210 _d2023
215 _a571, [2] с.
_cил.
461 0 _1001RU\NLR\BIBL_A\022070878
_12001#$aНесомненно счастливый конец$eроман$fФлада$gперевод с корейского Теоны Гогичаишвили$vКн. 1
_1700#0$aФлада$3RU\NLR\AUTH\770262950
_912658960
_aФлада
_cМосква
_d2023
_fФлада
_nАСТ
_oроман
_tНесомненно счастливый конец
_vКн. 1
942 _cBOOK
980 _aNB